Name This Famous Person - European Leaders - Statistics

General Stats
  • This quiz has been taken 28 times
  • The average score is 8 of 16
Answer Stats
Picture Answer % Correct
Emmanuel Macron
100%
Pope Francis
96%
Rishi Sunak
89%
Volodymyr Zelensky
86%
Olaf Scholz
82%
Viktor Orban
75%
Giorgia Meloni
54%
Andrzej Duda
46%
Mark Rutte
36%
Albert II
29%
Aleksandar Vučić
25%
Pedro Sanchez
25%
Alexander De Croo
7%
Kyriakos Mitsotakis
7%
Ulf Kristersson
7%
Leo Varadkar
4%
No matching quizzes found
Score Distribution
Percent of People with Each Score
Percentile by Number Answered
Your Score History
You have not taken this quiz